000
00234nam a2200097Ia 4500
008
120527s9999 xx 000 0 und d
100
_a
FRANENKEL, Peter
245
_a
Windpumps A guide for develop workers
260
_b
I.T
942
_c
BK
999
_c
25129
_d
25129